College mathematics / (Record no. 180232)
[ view plain ]
| 000 -LEADER | |
|---|---|
| fixed length control field | 00905 a2200193 4500 |
| 003 - CONTROL NUMBER IDENTIFIER | |
| control field | Nust |
| 005 - DATE AND TIME OF LATEST TRANSACTION | |
| control field | 20170207153144.0 |
| 010 ## - LIBRARY OF CONGRESS CONTROL NUMBER | |
| LC control number | 74023584 |
| 020 ## - INTERNATIONAL STANDARD BOOK NUMBER | |
| International Standard Book Number | 0030892473 |
| 040 ## - CATALOGING SOURCE | |
| Transcribing agency | Nust |
| 082 00 - DEWEY DECIMAL CLASSIFICATION NUMBER | |
| Classification number | 510 |
| 100 1# - MAIN ENTRY--PERSONAL NAME | |
| Personal name | Nichols, Eugene Douglas, |
| 245 10 - TITLE STATEMENT | |
| Title | College mathematics / |
| Statement of responsibility, etc. | Eugene D. Nichols. |
| 260 ## - PUBLICATION, DISTRIBUTION, ETC. | |
| Place of publication, distribution, etc. | San Francisco : |
| Name of publisher, distributor, etc. | Rinehart Press, |
| Date of publication, distribution, etc. | [1974] c1975. |
| 300 ## - PHYSICAL DESCRIPTION | |
| Extent | x, 382 p. ; |
| Dimensions | 24 cm. |
| 505 ## - FORMATTED CONTENTS NOTE | |
| Formatted contents note | Mathematics for Fun and Numeration Systems (Page-1) Sets (Page-25) Some Remarkable Features of Numbers (Page-48) Whole Numbers , Integers and Rationales (Page-87) Numbers as Exponents (Page-121) Real Numbers, Equations and Inequalities (Page-146) Geometry (Page-177) Finite Systems and Matrices (Page-203) Graphs, Functions and Linear Programming (Page-240) Logic (Page-276) Probability (Page-306) Statistics (Page-333) |
| 538 ## - SYSTEM DETAILS NOTE | |
| System details note | Almirah No 11and Shelf No 2 |
| 650 #0 - SUBJECT ADDED ENTRY--TOPICAL TERM | |
| Topical term or geographic name entry element | Mathematics. |
| 942 ## - ADDED ENTRY ELEMENTS (KOHA) | |
| Source of classification or shelving scheme | |
| Koha item type | Book |
| Withdrawn status | Lost status | Source of classification or shelving scheme | Damaged status | Not for loan | Collection code | Permanent Location | Current Location | Date acquired | Total Checkouts | Full call number | Barcode | Date last seen | Price effective from | Koha item type |
|---|---|---|---|---|---|---|---|---|---|---|---|---|---|---|
| Military College of Signals (MCS) | Military College of Signals (MCS) | 12/12/2016 | 510 NIC | MCS7228 | 12/08/2016 | 12/12/2016 | Book |
